Behavioral Economics
Đã lưu trong:
| Tác giả chính: | |
|---|---|
| Định dạng: | Sách |
| Được phát hành: |
routledge
|
| Những chủ đề: | |
| Các nhãn: |
Không có thẻ, Là người đầu tiên thẻ bản ghi này!
|
MARC
| LEADER | 00000nam a2200000Ia 4500 | ||
|---|---|---|---|
| 005 | 20260427112642.0 | ||
| 526 | |b Economics | ||
| 100 | |a Edward Cartwright | ||
| 020 | |a 9781032414102 | ||
| 650 | |a Behavioral Economics | ||
| 526 | |a Bachelors | ||
| 942 | |c BK | ||
| 245 | |a Behavioral Economics | ||
| 260 | |b routledge | ||
| 999 | |c 15 |d 15 | ||
| 952 | |0 0 |1 0 |4 0 |7 0 |8 1 |a BRISTOL |b BRISTOL |d 2026-04-22 |l 0 |p 000030 |r 2026-04-27 11:26:43 |w 2026-04-27 |y BK | ||